Prime Ministers of Trinidad and Tobago - Statistics

General Stats
  • This quiz has been taken 8 times
  • The average score is 7 of 8
Answer Stats
Term Prime Minister % Correct
1986 - 1991 ANR Robinson
100%
2015 - present Keith Rowley
100%
1991 - 1995 Patrick Manning
100%
2001 - 2010 Patrick Manning
100%
1962 - 1981 Eric Williams
80%
2010 - 2015 Kamla Persad Bissessar
80%
1995 - 2001 Basdeo Panday
60%
1981 - 1986 George Chambers
60%
No matching quizzes found
Score Distribution
Percent of People with Each Score
Percentile by Number Answered
Your Score History
You have not taken this quiz